A guidebook on engaging : (Record no. 6801)
[ view plain ]
| 000 -LEADER | |
|---|---|
| fixed length control field | 00902nam a22002177a 4500 |
| 001 - CONTROL NUMBER | |
| control field | 6801 |
| 003 - CONTROL NUMBER IDENTIFIER | |
| control field | FISKH |
| 005 - DATE AND TIME OF LATEST TRANSACTION | |
| control field | 20250528155505.0 |
| 008 - FIXED-LENGTH DATA ELEMENTS--GENERAL INFORMATION | |
| fixed length control field | 250528b cb ||||| |||| 00| 0 eng d |
| 020 ## - INTERNATIONAL STANDARD BOOK NUMBER | |
| International Standard Book Number | 9786169035244 |
| 040 ## - CATALOGING SOURCE | |
| Original cataloging agency | FISKH |
| Language of cataloging | eng |
| Transcribing agency | FISKH |
| Modifying agency | FISKH |
| 082 ## - DEWEY DECIMAL CLASSIFICATION NUMBER | |
| Classification number | 380 |
| 100 ## - MAIN ENTRY--PERSONAL NAME | |
| Personal name | Forum-Asia |
| 245 ## - TITLE STATEMENT | |
| Title | A guidebook on engaging : |
| Remainder of title | Asean and its human rights mechanisms / |
| Statement of responsibility, etc. | By Forum-Asia |
| 250 ## - EDITION STATEMENT | |
| Edition statement | Second edition 2011 |
| 260 ## - PUBLICATION, DISTRIBUTION, ETC. | |
| Place of publication, distribution, etc. | Bangkok : |
| Date of publication, distribution, etc. | 2010. |
| 300 ## - PHYSICAL DESCRIPTION | |
| Extent | 64 pages : |
| Other physical details | illustrations ; |
| Dimensions | 23 cm . |
| 520 ## - SUMMARY, ETC. | |
| Summary, etc. | This guidebook is a resource developed to assist civil society organizations, academics, and the public in understanding and engaging with ASEAN's human rights frameworks. It is particularly valuable for those working with marginalized communities and seeking to navigate ASEAN's human rights mechanisms effectively. |
| 942 ## - ADDED ENTRY ELEMENTS (KOHA) | |
| Source of classification or shelving scheme | Dewey Decimal Classification |
| Koha item type | Books |
| Suppress in OPAC | No |
| Withdrawn status | Lost status | Source of classification or shelving scheme | Damaged status | Not for loan | Collection | Home library | Current library | Shelving location | Date acquired | Total Checkouts | Full call number | Barcode | Date last seen | Price effective from | Koha item type |
|---|---|---|---|---|---|---|---|---|---|---|---|---|---|---|---|
| Dewey Decimal Classification | Reference | Footprints International School Library Network Toul Tom Poung Campus | Footprints International School Library Network Toul Tom Poung Campus | TTP Secondary Non-Fiction Bookshelves | 05/28/2025 | FOR 380 | 2025-1427 | 05/28/2025 | 05/28/2025 | Books |
